HELLDIVERS II: Weaponry - Statistics

General Stats
  • This quiz has been taken 73 times
    72 since last reset
  • The average score is 28 of 77
Answer Stats
Answer % Correct
AR-23 Liberator
98%
AR-23P Liberator Penetrator
70%
G-123 Thermite
65%
LAS-16 Sickle
65%
AR-23C Liberator Concussive
63%
G-10 Incendiary
63%
P-4 Senator
63%
R-36 Eruptor
63%
SG-225 Breaker
60%
G-23 Stun
58%
LAS-5 Scythe
58%
R-63 Diligence
58%
G-16 Impact
55%
G-6 Frag
55%
G-12 High Explosive
53%
AR-23A Liberator Carbine
50%
GP-31 Grenade Pistol
50%
GP-20 Ultimatum
48%
JAR-5 Dominator
48%
SG-225IE Breaker Incendiary
48%
G-3 Smoke
45%
LAS-58 Talon
45%
PLAS-1 Scorcher
45%
R-63CS Diligence Counter Sniper
45%
SG-8 Punisher
45%
CQC-2 Saber
43%
CQC-30 Stun Baton
43%
R-2124 Constitution
43%
R-6 Deadeye
43%
SG-8S Slugger
43%
CQC-19 Stun Lance
40%
FLAM-66 Torcher
40%
CQC-42 Machete
38%
G-4 Gas
38%
P-2 Peacemaker
38%
SG-20 Halt
38%
BR-14 Adjudicator
35%
G-13 Incendiary Impact
35%
K-2 Throwing Knife
35%
MP-98 Knight
35%
AR-32 Pacifier
33%
SMG-37 Defender
33%
VG-70 Variable
33%
AR-61 Tenderizer
30%
CB-9 Exploding Crossbow
30%
LAS-7 Dagger
30%
P-19 Redeemer
30%
P-72 Crisper
30%
PLAS-101 Purifier
30%
R-2 Amendment
30%
SG-225SP Breaker Spray&Pray
30%
SG-451 Cookout
30%
G-31 Arc
28%
SMG-32 Reprimand
28%
SMG-72 Pummeler
28%
TED-63 Dynamite
28%
G-109 Urchin
25%
ARC-12 Blitzer
23%
G-50 Seeker
23%
P-113 Verdict
23%
P-11 Stim Pistol
23%
SG-22 Bushwhacker
23%
SG-8P Punisher Plasma
23%
CQC-5 Combat Hatchet
18%
LAS-17 Double-Edge Sickle
18%
MA5C Assault Rifle
18%
P-92 Warrant
18%
PLAS-39 Accelerator Rifle
18%
PLAS-15 Loyalist
15%
G-142 Pyrotech
13%
StA-52 Assault Rifle
13%
M90A Shotgun
10%
StA-11 SMG
10%
M6C/SOCOM Pistol
5%
M7S SMG
5%
AR-2 Coyote
3%
G-7 Pineapple
0%
No matching quizzes found
Score Distribution
Percent of People with Each Score
Percentile by Number Answered
Your Score History
You have not taken this quiz since the last reset